Bandeiras antigas dos países - Statistics

Estatísticas Gerais
  • Esse quiz foi jogado 84 vezes
  • A pontuação média é 4 de 16
Estatísticas das Respostas
Imagem Resposta % Correto
Brasil
100%
Canadá
52%
Nova Zelândia
40%
República Democrática do Congo
34%
Afeganistão
32%
Islândia
30%
Argentina
25%
Geórgia
25%
Papua Nova Guiné
21%
Tunísia
21%
Escócia
19%
Peru
14%
Jamaica
12%
Panamá
8%
Mônaco
5%
Bósnia e Herzegovina
4%
Nenhum quiz correspondente encontrado
Distribuição das Pontuações
Porcentagem de Pessoas com Cada Pontuação
Percentil de Números Respondidos
Sua Pontuação Histórica
Você não jogou esse quiz